Band or Artist by Album - Extreme - Statistics

General Stats
  • This quiz has been taken 558 times
  • The average score is 32 of 100
Answer Stats
Album Artist/Band % Correct
Thriller Michael Jackson
89%
London Calling The Clash
89%
Master of Puppets Metallica
78%
The Joshua Tree U2
76%
Rumours Fleetwood Mac
74%
Wish You Were Here Pink Floyd
74%
Back to Black Amy Winehouse
73%
In Utero Nirvana
73%
Pet Sounds The Beach Boys
68%
A Night at the Opera Queen
66%
Never Mind the Bollocks, Here's the -- Sex Pistols
66%
What's Going On Marvin Gaye
63%
Rubber Soul The Beatles
63%
Kid A Radiohead
60%
Definitely Maybe Oasis
58%
Tommy The Who
58%
Songs in the Key of LIfe Stevie Wonder
57%
Are You Experienced The Jimi Hendrix Experience
55%
Automatic for the People R.E.M.
52%
Doggystyle Snoop Dogg
52%
Parklife Blur
48%
Houses of the Holy Led Zeppelin
47%
The Black Parade My Chemical Romance
45%
Toxicity System of a Down
45%
A Rush of Blood to the Head Coldplay
44%
Tapestry Carole King
41%
Let It Bleed The Rolling Stones
41%
The Queen Is Dead The Smiths
40%
The Chronic Dr. Dre
39%
Blonde on Blonde Bob Dylan
37%
brat Charli xcx
37%
Random Access Memories Daft Punk
37%
Hounds of Love Kate Bush
37%
Siamese Dream The Smashing Pumpkins
37%
ASTROWORLD Travis Scott
37%
DAMN. Kendrick Lamar
36%
Illmatic Nas
36%
Sign o' the Times Prince
35%
WHEN WE ALL FALL ASLEEP, WHERE DO WE GO? Billie Eilish
34%
After the Gold Rush Neil Young
34%
Kind of Blue Miles Davis
33%
It Takes a Nation of Millions to Hold Us Back Public Enemy
32%
Station to Station David Bowie
31%
The Downward Spiral Nine Inch Nails
30%
Grace Jeff Buckley
29%
Surfer Rosa Pixies
28%
All Things Must Pass George Harrison
27%
The Blueprint Jay-Z
27%
Horses Patti Smith
27%
Violator Depeche Mode
26%
Unknown Pleasures Joy Division
26%
Mezzanine Massive Attack
26%
Ready to Die The Notorious B.I.G.
26%
Blonde Frank Ocean
25%
Jar of Flies Alice in Chains
24%
Pure Heroine Lorde
24%
Pink Moon Nick Drake
24%
Dummy Portishead
24%
Disintegration The Cure
24%
Lateralus Tool
24%
The Stranger Billy Joel
23%
Aquemini OutKast
22%
Remain in Light Talking Heads
22%
Marquee Moon Television
22%
Yankee Hotel Foxtrot Wilco
22%
Master of Reality Black Sabbath
21%
A Love Supreme John Coltrane
21%
Different Class Pulp
21%
For Emma, Forever Ago Bon Iver
20%
Ultraviolence Lana Del Rey
20%
Flower Boy Tyler, The Creator
20%
White Pony Deftones
19%
Maggot Brain Funkadelic
19%
Selected Ambient Works 85-92 Aphex Twin
18%
Heaven or Las Vegas Cocteau Twins
18%
loveless my bloody valentine
18%
Homogenic Björk
17%
Hot Rats Frank Zappa
16%
3 Feet High and Rising De La Soul
15%
Carrie & Lowell Sufjan Stevens
15%
Fresh Fruit for Rotting Vegetables Dead Kennedys
14%
Souvlaki Slowdive
14%
Midnight Marauders A Tribe Called Quest
12%
Power, Corruption & Lies New Order
12%
Tago Mago Can
10%
Sometimes I Might Be Introvert Little Simz
10%
...Like Clockwork Queens of the Stone Age
10%
Ants From Up There Black Country, New Road
9%
Head Hunters Herbie Hancock
9%
Swimming Mac Miller
9%
The Lonesome Crowded West Modest Mouse
9%
Black on Both Sides Mos Def
9%
The Forever Story JID
8%
Things Fall Apart The Roots
8%
The Infamous Mobb Deep
7%
Figure 8 Elliott Smith
6%
Let Love In Nick Cave and the Bad Seeds
6%
Untrue. Burial
5%
From Mars to Sirius Gojira
5%
By the Time I Get to Phoenix Injury Reserve
5%
No matching quizzes found
Score Distribution
Percent of People with Each Score
Percentile by Number Answered
Your Score History
You have not taken this quiz